| 000 | 00534nam a2200181Ia 4500 | ||
|---|---|---|---|
| 003 | GCL | ||
| 008 | 140319s9999 xx 000 0 ara d | ||
| 040 |
_aGCL / _cGCL |
||
| 082 | 0 | 4 |
_a811.9 _bا ا |
| 100 | 1 | _aاحمد شوقى | |
| 245 | 1 | 0 |
_aالاعمال المسرحية الكاملة / _cاحمد شوقى |
| 260 |
_a[S.N] : _bدار العودة للصحافة والطباعه ، _c1988 |
||
| 300 | _a764 ص | ||
| 490 | _a | ||
| 650 | 0 | 4 | _aالادب العربى |
| 650 | 0 | 4 | _aالشعر المسرحى |
| 942 |
_2ddc _cBK |
||
| 999 |
_c53966 _d53966 |
||